000 00347nam a2200145Ia 4500
008 230917s9999||||xx |||||||||||||| ||und||
040 _e129003
_aMAIN
041 _aEnglish
082 _a320.954 N164D
100 _aNarasimhan, V.K.
245 0 _aDemocracy redeemed
260 _aNew Delhi
_bS Chand
_c1977
300 _ax, 154 p.
942 _cBK
999 _c173186
_d173186